<?xml version="1.0" encoding="UTF-8"?>
<record
    xmlns:xsi="http://www.w3.org/2001/XMLSchema-instance"
    xsi:schemaLocation="http://www.loc.gov/MARC21/slim http://www.loc.gov/standards/marcxml/schema/MARC21slim.xsd"
    xmlns="http://www.loc.gov/MARC21/slim">

  <leader>01003nam a2200253 a 4500</leader>
  <controlfield tag="001">BRCA_8357</controlfield>
  <controlfield tag="005">20190320210240.0</controlfield>
  <controlfield tag="008">230714s1853----it-a###f##---#000-0#ita-#</controlfield>
  <datafield tag="041" ind1=" " ind2=" ">
    <subfield code="a">ita</subfield>
  </datafield>
  <datafield tag="044" ind1=" " ind2=" ">
    <subfield code="a">it</subfield>
  </datafield>
  <datafield tag="050" ind1=" " ind2="4">
    <subfield code="a">NA1117</subfield>
    <subfield code="b">.M3 1853</subfield>
  </datafield>
  <datafield tag="245" ind1="1" ind2="0">
    <subfield code="a">S. Marco</subfield>
    <subfield code="b">Convento dei Padri Predicatori in Firenze</subfield>
    <subfield code="c">ilustrato e inciso principalmente nei dipinti del B. Giovanni Angelico ; con la vita dello stesso pittore, e un sunto storico del Convento Medesimo del P. Vincenzo Marchese.</subfield>
  </datafield>
  <datafield tag="260" ind1=" " ind2=" ">
    <subfield code="a">Florencia</subfield>
    <subfield code="b">Societ&#xE1; Artistica</subfield>
    <subfield code="c">1853</subfield>
  </datafield>
  <datafield tag="300" ind1=" " ind2=" ">
    <subfield code="a">iii, 162 p.</subfield>
    <subfield code="b">il., 40 l&#xE1;minas</subfield>
    <subfield code="c">48 cm.</subfield>
  </datafield>
  <datafield tag="500" ind1=" " ind2=" ">
    <subfield code="a">R95</subfield>
  </datafield>
  <datafield tag="610" ind1="2" ind2="4">
    <subfield code="a">Convento de San Marco</subfield>
    <subfield code="x">Historia</subfield>
    <subfield code="z">Florencia (Italia)</subfield>
    <subfield code="9">20926</subfield>
  </datafield>
  <datafield tag="650" ind1="1" ind2="4">
    <subfield code="a">Arquitectura religiosa</subfield>
    <subfield code="z">Florencia (Italia)</subfield>
    <subfield code="9">20927</subfield>
  </datafield>
  <datafield tag="650" ind1="1" ind2="4">
    <subfield code="a">Frailes predicadores</subfield>
    <subfield code="z">Florencia (Italia)</subfield>
    <subfield code="9">20928</subfield>
  </datafield>
  <datafield tag="651" ind1=" " ind2="4">
    <subfield code="a">Florencia</subfield>
    <subfield code="v">Conventos y monasterios</subfield>
    <subfield code="x">Historia</subfield>
    <subfield code="9">20929</subfield>
  </datafield>
  <datafield tag="700" ind1="1" ind2=" ">
    <subfield code="a">Angelico, Giovanni</subfield>
    <subfield code="e">il.</subfield>
    <subfield code="9">20930</subfield>
  </datafield>
  <datafield tag="700" ind1="1" ind2=" ">
    <subfield code="a">Marchese, Vincenzo</subfield>
    <subfield code="9">20931</subfield>
  </datafield>
  <datafield tag="902" ind1=" " ind2=" ">
    <subfield code="a">GFM</subfield>
  </datafield>
  <datafield tag="942" ind1=" " ind2=" ">
    <subfield code="2">lcc</subfield>
    <subfield code="c">B</subfield>
  </datafield>
  <datafield tag="999" ind1=" " ind2=" ">
    <subfield code="c">8025</subfield>
    <subfield code="d">8025</subfield>
  </datafield>
  <datafield tag="952" ind1=" " ind2=" ">
    <subfield code="0">0</subfield>
    <subfield code="1">0</subfield>
    <subfield code="4">0</subfield>
    <subfield code="7">0</subfield>
    <subfield code="a">BRCA</subfield>
    <subfield code="b">BRCA</subfield>
    <subfield code="d">2014-07-23</subfield>
    <subfield code="i">R95</subfield>
    <subfield code="l">0</subfield>
    <subfield code="o">NA1117 .M3 1853 (R95)</subfield>
    <subfield code="p">8981</subfield>
    <subfield code="r">2019-03-22 00:00:00</subfield>
    <subfield code="w">2019-03-22</subfield>
    <subfield code="y">B</subfield>
  </datafield>
</record>
